| 000 | 00514nam a2200157 4500 | ||
|---|---|---|---|
| 999 |
_c4979 _d4979 |
||
| 008 | 160930b xxu||||| |||| 00| 0 eng d | ||
| 022 | _a16565649 | ||
| 082 | _aDPer 303.405 H22 May-Sept 2015 n. 6-10 | ||
| 100 |
_915621 _aCanlas, Katrina D. |
||
| 245 |
_aPhilips curved: _bultrawide led display/ _cKatrina D. Canlas. |
||
| 260 |
_aQuezon City: _bHardware Zone Phils. Corp., _c©2015. |
||
| 300 |
_av11 i10, page 42; _c30 cm. |
||
| 500 | _aHWM Philippines. | ||
| 650 | 0 |
_919421 _aPhotography |
|
| 942 |
_2ddc _cPER |
||